000 01238nam a2200373 i 4500
001 5894
003 KOSZ 005
005 20220324132134.0
008 061122s1972 pl a f |000 0 pol
015 _aPB 1973/467
040 _aWA N
_cWA N
_dKOSZ 005/HR
041 0 _apol
_beng
_bfre
_brus
046 _k1972
080 _a624.15
080 _a624.04
100 1 _aKłosiński, Bolesław
_eAutor
245 1 0 _aZwiększanie nośności pali i słupów fundamentowych /
_cBolesław Kłosiński, Andrzej Jarominiak ; Centralny Ośrodek Badań i Rozwoju Techniki Drogowej.
260 _aWarszawa :
_bCentralny Ośrodek Badań i Rozwoju Techniki Drogowej,
_c1972.
300 _a96, [2] s. :
_bil. ;
_c23 cm.
380 _aKsiążki
388 _a1901-2000
388 _a1945-1989
504 _aBibliogr.
546 _aStreszcz. ang., fr., ros.
650 4 _aFundamenty
650 4 _aPale
650 4 _aSłupy
650 4 _aNośność
650 4 _aMechanika budowli
658 _aArchitektura i budownictwo
700 1 _aJarominiak, Andrzej
_eAutor
856 _uhttp://koha.tu.koszalin.pl/cgi-bin/koha/opac-detail.pl?biblionumber=5894
_yKatalog online BPK
942 _2UKD
_cKS
999 _c5894
_d5894